Juan Pablo Duarte : (Registro nro. 7399)
[ vista simple ]
| 000 -LIDER | |
|---|---|
| fixed length control field | 00907nam a2200289 a 4500 |
| 001 - NÚMERO DE CONTROL | |
| Identificador de número de control | 000037891 |
| 003 - IDENTIFICACDOR DE NÚMERO DE CONTROL | |
| control field | DO-SdBNP |
| 005 - DATE AND TIME OF LATEST TRANSACTION | |
| control field | 20220125130257.0 |
| 007 - CAMPOS FIJOS DE DESCRIPCIÓN FÍSICA | |
| fixed length control field | 000037891 |
| 008 - ELEMENTOS DE LONGITUD FIJA | |
| fixed length control field | 130308s2007 dr ac 001 0bspa d |
| 020 ## - ISBN | |
| International Standard Book Number | 9993423203 |
| 040 ## - FUENTE DE CATALOGACIÓN | |
| Agencia que crea de manera original el registro | BPMSU |
| Idioma de catalogación | spa |
| Agencia que realiza la transcripción | BPMSU |
| 082 ## - NÚMERO DE CLASIFICACIÓN DECIMAL DE DEWEY | |
| Classification number | 923.27293 |
| Item number | D812b, 2007 |
| 100 1# - ASIENTO PRINCIPAL -- NOMBRE PERSONAL | |
| Nombre personal | Balcácer, Juan Daniel, |
| Fechas asociadas con el nombre | 1949- |
| 245 10 - MENCIÓN DE TITULO | |
| Título | Juan Pablo Duarte : |
| Subtítulo | el padre de la patria / |
| Mención de responsabilidad | Juan Daniel Balcácer. |
| 260 ## - PUBLICACIÓN, DISTRIBUCIÓN, ETC. (PIE DE IMPRENTA) | |
| Lugar de publicación, distribución, etc | Santo Domingo : |
| Nombre del editor, distribuidor, etc. | Susaeta, |
| Fecha de publicación, distribución, etc | 2007. |
| 300 ## - DESCRIPCIÓN FÍSICA | |
| Extensión | 144 p. : |
| Otros detalles físicos | il., retr. |
| Dimensiones | 22 cm. |
| 490 1# - MENCIÓN DE SERIES | |
| Mención de serie | Biblioteca Susaeta |
| 500 ## - NOTA GENERAL | |
| Nota general | Edición escolar |
| 600 14 - ENCABEZAMIENTO DE MATERIA--NOMBRE PERSONAL | |
| Nombre personal | DUARTE Y DIEZ, JUAN PABLO, |
| Fechas asociadas con el nombre | 1813-1876 |
| 651 #4 - ENCABEZAMIENTO DE MATERIA--NOMBRE GEOGRÁFICO | |
| Nombre geográfico | REPÚBLICA DOMINICANA |
| Subdivisión temática general | HISTORIA |
| Subdivisión cronológica | 1844-1930 |
| 830 #0 - ASIENTO SECUNDARIO DE SERIE--TÍTULO UNIFORME | |
| Título uniforme | Biblioteca Susaeta |
| 910 ## - VALIDACIÓN | |
| Validación | Validado. Control de calidad EMS. |
| 942 ## - ADDED ENTRY ELEMENTS (KOHA) | |
| Source of classification or shelving scheme | Dewey Decimal Classification |
| Koha item type | Libros |
| 945 ## - INFORMACIÓN DE PROCESAMIENTO LOCAL | |
| Información de procesamiento local | Inventariado / 2017 VM |
| 956 ## - LOCAL ELECTRONIC LOCATION AND ACCESS (OCLC) | |
| Nombre de host | VMATEO |
| Número de acceso | 10 |
| Información de compresión | 20160216 |
| Inicio de sesión | BPMSU |
| Procesador de solicitud | 0069 |
| Withdrawn status | Lost status | Source of classification or shelving scheme | Damaged status | Not for loan | Collection code | Home library | Current library | Date acquired | Total Checkouts | Full call number | Barcode | Date last seen | Price effective from | Koha item type | Copy number |
|---|---|---|---|---|---|---|---|---|---|---|---|---|---|---|---|
| Dewey Decimal Classification | Colección Dominicana | Biblioteca Pública Metropolitana Salomé Ureña | Biblioteca Pública Metropolitana Salomé Ureña | 02/16/2015 | BPMSU CD 923.27293 D812b 2007 | BPMSU15041220 | 02/16/2015 | 02/16/2015 | Libros | ||||||
| Dewey Decimal Classification | Colección Dominicana | Biblioteca Pública Metropolitana Salomé Ureña | Biblioteca Pública Metropolitana Salomé Ureña | 02/16/2015 | BPMSU CD 923.27293 D812b 2007 | BPMSU15041221 | 02/16/2015 | 02/16/2015 | Libros | e. 2 | |||||
| Dewey Decimal Classification | Colección Dominicana | Biblioteca Pública Metropolitana Salomé Ureña | Biblioteca Pública Metropolitana Salomé Ureña | 02/16/2015 | 923.27293 D812b 2007 | BPMSU15041222 | 02/16/2015 | 02/16/2015 | Libros | e. 3 |